La Inversión extranjera y los acuerdos de protección de inversión /
El artículo analiza el fenómeno de la globalización no solo desde las perspectivas comercial, económica y financiera, sino que además incluye aquellas políticas, sociales y culturales. Pone en evidencia la importancia de velar por los derechos humanos, la preservación del ambiente, el combate al nar...
Αποθηκεύτηκε σε:
| Κύριος συγγραφέας: | |
|---|---|
| Μορφή: | Κείμενο |
| Θέματα: | |
| Ετικέτες: |
Προσθήκη ετικέτας
Δεν υπάρχουν, Καταχωρήστε ετικέτα πρώτοι!
|
MARC
| LEADER | 00000 a a2200000 04500 | ||
|---|---|---|---|
| 001 | 5318 | ||
| 003 | |||
| 040 | |||
| 100 | |a Navarrete, José Eduardo | ||
| 245 | |a La Inversión extranjera y los acuerdos de protección de inversión / |c José Eduardo Navarrete | ||
| 520 | |a El artículo analiza el fenómeno de la globalización no solo desde las perspectivas comercial, económica y financiera, sino que además incluye aquellas políticas, sociales y culturales. Pone en evidencia la importancia de velar por los derechos humanos, la preservación del ambiente, el combate al narcotráfico y al terrorismo, y muestra que la globalización se ha manifestado a través de un número creciente de esquemas regionales de integración regional y económica./ICC | ||
| 650 | |a GLOBALIZACION | ||
| 650 | |a DERECHOS HUMANOS | ||
| 650 | |a RELACION DE INTERCAMBIO | ||
| 650 | |a LIBERALIZACION DE INTERCAMBIO | ||
| 773 | |g número 295; páginas 7-15 | ||
| 999 | |c 25631 |d 25631 | ||
